Fondos de capital en los países subdesarrollados: la misión de las instituciones financieras

Saved in:
書目詳細資料
主要作者: Nevin, Edward (autor)
格式: 圖書
語言:西班牙语
出版: Ciudad de México Fondo de Cultura Económica 1963
叢編:Obras de Economía
主題:
標簽: 添加標簽
沒有標簽, 成為第一個標記此記錄!

MARC

LEADER 00000nam a2200000 a 4500
001 UCT8660
003 CL-VaPUC
008 970326e19630000MX |||||||||||||||||spa|d
082 0 4 |a 332.7  |b NEV  |2 21 
100 |a Nevin, Edward  |e autor  |9 380535 
245 1 0 |a Fondos de capital en los países subdesarrollados: la misión de las instituciones financieras 
300 |a 152 p 
942 |c BK 
945 |d 19970326 00:00:00  |a paguirre 
260 |a Ciudad de México  |b Fondo de Cultura Económica  |c 1963 
650 0 |a Crédito  |9 256211 
650 7 |a BANCOS CENTRALES  |2 CL-VaPUC  |9 325759 
650 0 |a Bancos  |9 254963 
650 7 |a PRESTAMOS  |2 CL-VaPUC  |9 359045 
650 0 |a Desarrollo económico y social   |9 256320 
650 0 |a Crecimiento económico   |9 314037 
650 7 |a FINANCIAMIENTO  |2 CL-VaPUC  |9 358995 
583 |a last modification  |c 19970326 00:00:00  |k Rodrigo Vera 
490 0 |a Obras de Economía 
999 |c 257147  |d 257145 
952 |0 0  |1 0  |4 0  |6 332_700000000000000_NEV_1963  |7 0  |8 A  |9 280407  |a BIBDER  |b BIBDER  |d 2019-11-19  |i 1815148  |o 332.7 NEV 1963  |p 1815148  |r 2023-01-25  |w 2019-11-19  |y BK  |k DER